The richest women in the world /

Bibliographic Details
Main Author: Konolige, Kit
Format: Book
Language:English
Published: New York : London : Macmillan ; Collier Macmillan, [1985]
Subjects:

MARC

Tag First Indicator Second Indicator Subfields
LEADER 00000cam a2200000 a 4500
001 in00000009575
005 20151007051622.0
008 850207s1985 nyucf b 00110ceng
010 |a  85003067  
020 |a 002566610X :  |c $19.95 
035 |a (OCoLC)11756459 
035 |9 AAA3945AM 
040 |a DLC  |c DLC  |d m/c  |d TXA  |d UtOrBLW 
049 |a TXAM  |c [A11461478] 
050 0 0 |a HG172.A2  |b K66 1985 
082 0 |a 305.4/89  |a B  |2 19 
100 1 |a Konolige, Kit. 
245 1 4 |a The richest women in the world /  |c by Kit Konolige. 
264 1 |a New York :  |b Macmillan ;  |a London :  |b Collier Macmillan,  |c [1985] 
264 4 |c ©1985 
300 |a xiv, 399 pages, 24 unnumbered pages of plates :  |b portraits ;  |c 24 cm. 
336 |a text  |b txt  |2 rdacontent 
337 |a unmediated  |b n  |2 rdamedia 
338 |a volume  |b nc  |2 rdacarrier 
504 |a Bibliography: pages 383-386. 
500 |a Includes index. 
650 0 |a Women millionaires  |x Biography. 
650 0 |a Businesswomen  |x Biography. 
650 0 |a Women philanthropists  |x Biography. 
650 0 |a Inheritance and succession  |x Case studies. 
999 |a MARS 
999 f f |s 33ff36e3-582e-3052-bfff-e98f61e1b13c  |i 3af06874-80aa-3938-b4b5-9e7ce9256dfb  |t 0 
952 f f |p ric  |a Texas A&M University  |b Rellis Campus  |c Joint Library Facility  |d Remote Storage  |t 0  |e HG172.A2 K66 1985  |h Library of Congress classification  |i unmediated -- volume  |m A14811461478 
998 f f |a HG172.A2 K66 1985  |t 0  |l Remote Storage